000 00929nam a2200241 a 4500
999 _c11859
_d11859
001 11859
003 BD-JhCC
005 20220303134022.0
008 201122b2019 bg |||| ||a| 00| 0 ben d
020 _a9789849267911
035 _a(BD-JhCC)11859
040 _aBD-JhCC
_dBD-JhCC
041 _aben
082 _a158.1
_bTRA 2019
100 _aট্রেসি,ব্রায়ান
245 _aচেঞ্জ ইয়োর থিংকিং চেঞ্জ ইয়োর লাইফ /
_cব্রায়ান ট্রেসি, অনুঃ ফারজানা রহমান শিমু ।
260 _aঢাকা:
_bচর্চা গ্রন্থ প্রকাশ;
_c২০১৯.
300 _a223 p. :
_c22 cm.
650 _aSuccess--Psychological aspects
_xSuccess in business
700 _aশিমু,ফারজানা রহমান
942 _2ddc
_cBK
_01